000
00282nam a22001097a 4500
999
_c
13630
_d
13630
082
_a
891.43935
100
_a
ڈاکٹر مبارک علی
245
_a
بدلتی ہوئی تاریخ
260
_a
لاہور
_b
فکشن ہاؤس
_c
١٩٩٧
300
_a
١٩٩ صفحات
942
_c
BK